000 00531nam a22002177a 4500
005 20170124110112.0
010 _a605694
020 _a434305421
035 _a605694
037 _bCen Lib/Ret
040 _aDPL
_bEN
082 _aN
_bGRE
100 _aGreene, Graham
_9101299
245 _aLoser takse all /
_cby Graham Greene
260 _bWilliam Heinemann
_aLondon
_c1970
270 _bLondon
300 _a139p.
_c17cm(Hb)
650 _aliterature
_96262
650 _aNovels
_913976
942 _2ddc
_cEN
_hN
_mGRE
999 _c130508
_d130508